000 00795cam a2200229 4500
001 ABS62183
008 000000n2000 000 0 eng u
035 _a(Sirsi) u105517
100 _aMansfield, P.
245 _aPre-action protocols for construction cases
260 _c2000
490 _aConstruction Law Bulletin
_vWinter 1999/2000, 6-8(3)
520 _aCompares the 'CAP' protocol and the TeCSA protocol and their use as pre-action protocols, which are designed to regulate the conduct of the parties before proceedings commerce, in construction cases.
590 _aABS
650 _aPROTOCOLS
650 0 _aPRE-ACTION PROTOCOL
650 0 _aCAP PROTOCOL
650 0 _aTECSA PROTOCOL
650 _aCIVIL PROCEDURE RULES
690 _aDispute resolution
_96236
942 _n0
999 _c63222
_d63222